<?xml version="1.0" encoding="UTF-8"?>
<record
    xmlns:xsi="http://www.w3.org/2001/XMLSchema-instance"
    xsi:schemaLocation="http://www.loc.gov/MARC21/slim http://www.loc.gov/standards/marcxml/schema/MARC21slim.xsd"
    xmlns="http://www.loc.gov/MARC21/slim">

  <leader>01033nam a2200217   4500</leader>
  <datafield tag="999" ind1=" " ind2=" ">
    <subfield code="c">95984</subfield>
    <subfield code="d">95984</subfield>
  </datafield>
  <controlfield tag="003">NALT</controlfield>
  <controlfield tag="005">20240724233251.0</controlfield>
  <controlfield tag="008">190527b        th ||||| |||| 00| 0 tha d</controlfield>
  <datafield tag="040" ind1=" " ind2=" ">
    <subfield code="a">NALT</subfield>
  </datafield>
  <datafield tag="050" ind1=" " ind2=" ">
    <subfield code="a">SF 426</subfield>
    <subfield code="b">&#xE1E;197&#xE23; 2561</subfield>
  </datafield>
  <datafield tag="100" ind1="0" ind2=" ">
    <subfield code="9">39826</subfield>
    <subfield code="a">&#xE1E;&#xE19;&#xE32; &#xE01;&#xE31;&#xE19;&#xE18;&#xE32;</subfield>
  </datafield>
  <datafield tag="245" ind1="1" ind2="0">
    <subfield code="a">"&#xE40;&#xE23;&#xE37;&#xE48;&#xE2D;&#xE07;&#xE2B;&#xE21;&#xE32;&#xE17;&#xE35;&#xE48;&#xE44;&#xE21;&#xE48;&#xE2B;&#xE21;&#xE32;&#xE2B;&#xE21;&#xE32;": &#xE1E;&#xE2B;&#xE38;&#xE20;&#xE27;&#xE27;&#xE34;&#xE17;&#xE22;&#xE32;&#xE43;&#xE19;&#xE27;&#xE31;&#xE12;&#xE19;&#xE18;&#xE23;&#xE23;&#xE21;&#xE2A;&#xE31;&#xE15;&#xE27;&#xE4C;&#xE40;&#xE25;&#xE35;&#xE49;&#xE22;&#xE07;&#xE02;&#xE2D;&#xE07;&#xE2A;&#xE31;&#xE07;&#xE04;&#xE21;&#xE44;&#xE17;&#xE22;&#xE2A;&#xE21;&#xE31;&#xE22;&#xE43;&#xE2B;&#xE21;&#xE48; /</subfield>
    <subfield code="c">&#xE1E;&#xE19;&#xE32; &#xE01;&#xE31;&#xE19;&#xE18;&#xE32;.</subfield>
  </datafield>
  <datafield tag="260" ind1=" " ind2=" ">
    <subfield code="a">&#xE40;&#xE0A;&#xE35;&#xE22;&#xE07;&#xE43;&#xE2B;&#xE21;&#xE48; :</subfield>
    <subfield code="b">&#xE21;&#xE2B;&#xE32;&#xE27;&#xE34;&#xE17;&#xE22;&#xE32;&#xE25;&#xE31;&#xE22;&#xE40;&#xE0A;&#xE35;&#xE22;&#xE07;&#xE43;&#xE2B;&#xE21;&#xE48;,</subfield>
    <subfield code="c">2561.</subfield>
  </datafield>
  <datafield tag="300" ind1=" " ind2=" ">
    <subfield code="a">122 &#xE2B;&#xE19;&#xE49;&#xE32; :</subfield>
    <subfield code="b">&#xE20;&#xE32;&#xE1E;&#xE1B;&#xE23;&#xE30;&#xE01;&#xE2D;&#xE1A; ;</subfield>
    <subfield code="c">30 &#xE0B;&#xE21;.</subfield>
  </datafield>
  <datafield tag="650" ind1=" " ind2="4">
    <subfield code="9">38983</subfield>
    <subfield code="a">&#xE2A;&#xE31;&#xE15;&#xE27;&#xE4C;&#xE40;&#xE25;&#xE35;&#xE49;&#xE22;&#xE07;</subfield>
  </datafield>
  <datafield tag="650" ind1=" " ind2="4">
    <subfield code="9">29874</subfield>
    <subfield code="a">&#xE2A;&#xE38;&#xE19;&#xE31;&#xE02; </subfield>
  </datafield>
  <datafield tag="850" ind1=" " ind2=" ">
    <subfield code="a">NALT</subfield>
  </datafield>
  <datafield tag="942" ind1=" " ind2=" ">
    <subfield code="c">RSH</subfield>
    <subfield code="2">lcc</subfield>
  </datafield>
  <datafield tag="998" ind1=" " ind2=" ">
    <subfield code="a">bijaya</subfield>
    <subfield code="c">DAO</subfield>
    <subfield code="j">8</subfield>
    <subfield code="k"> &#xE19;&#xE32;&#xE22;&#xE1A;&#xE31;&#xE13;&#xE11;&#xE34;&#xE15;  &#xE2D;&#xE38;&#xE17;&#xE32;&#xE27;&#xE07;&#xE04;&#xE4C;</subfield>
  </datafield>
  <datafield tag="952" ind1=" " ind2=" ">
    <subfield code="0">0</subfield>
    <subfield code="1">0</subfield>
    <subfield code="2">lcc</subfield>
    <subfield code="4">0</subfield>
    <subfield code="7">0</subfield>
    <subfield code="8">CRSH</subfield>
    <subfield code="a">NALT</subfield>
    <subfield code="b">NALT</subfield>
    <subfield code="d">2019-05-27</subfield>
    <subfield code="l">2</subfield>
    <subfield code="m">2</subfield>
    <subfield code="o">&#xE27; SF 426 &#xE1E;197&#xE23; 2561</subfield>
    <subfield code="p">3961209339</subfield>
    <subfield code="r">2023-03-07 00:00:00</subfield>
    <subfield code="s">2023-02-21</subfield>
    <subfield code="w">2019-05-27</subfield>
    <subfield code="y">RSH</subfield>
  </datafield>
</record>
